[Event "43rd Guernsey International Holiday"]
[Site "?"]
[Date "2017.10.16"]
[Round "2"]
[White "Jongerius, Marc"]
[Black "Haisma, Henk"]
[Result "1-0"]
[WhiteElo "1588"]
[BlackElo "1808"]
[PlyCount "79"]
[EventDate "2017.10.15"]
[EventType "swiss"]
[EventRounds "7"]

1. e4 e5 2. Nf3 Nc6 3. Bc4 Bc5 4. c3 Nf6 5. d3 O-O 6. b4 Bb6 7. a4 a6 8. Qb3 d6
9. Bg5 Bg4 10. Nbd2 h6 11. Bh4 g5 12. Bg3 Nh5 13. h4 Nxg3 14. fxg3 Kg7 15. hxg5
hxg5 16. O-O-O Bf2 17. Nf1 Qf6 18. Rd2 Ba7 19. Qd1 Rh8 20. Rxh8 Rxh8 21. Qe2
Ne7 22. Ne3 Rh1+ 23. Rd1 Rxd1+ 24. Kxd1 Bxe3 25. Qxe3 c6 26. Kc2 Kg6 27. d4
exd4 28. cxd4 Be6 29. e5 Bf5+ 30. Bd3 Bxd3+ 31. Qxd3+ Qf5 32. exd6 Kf6 33. dxe7
Qxd3+ 34. Kxd3 Kxe7 35. Nxg5 Kf6 36. Nxf7 Kxf7 37. Kc4 Ke6 38. Kc5 Kd7 39. a5
Ke6 40. g4 1-0

[Event "43rd Guernsey International Holiday"]
[Site "?"]
[Date "2017.10.16"]
[Round "2"]
[White "Glover, John"]
[Black "Harnden, Terry"]
[Result "1/2-1/2"]
[WhiteElo "1765"]
[BlackElo "1369"]
[PlyCount "73"]
[EventDate "2017.10.15"]
[EventType "swiss"]
[EventRounds "7"]

1. Nf3 c5 2. c4 d6 3. Nc3 Nf6 4. g3 g6 5. Bg2 Bg7 6. O-O O-O 7. d4 cxd4 8. Nxd4
a6 9. b3 Nbd7 10. h3 Ne5 11. Be3 Qc7 12. Rc1 Bd7 13. f4 Nc6 14. Nd5 Qd8 15.
Nxc6 Bxc6 16. Bf2 Nxd5 17. Bxd5 Rc8 18. Qd3 Bxd5 19. Qxd5 Qd7 20. Kh2 Qc6 21.
Rfd1 Rfd8 22. Rd3 Qxd5 23. Rxd5 Rc6 24. Rcd1 Bf8 25. e4 e6 26. R5d3 Be7 27. a4
b6 28. Kg2 f6 29. Kf3 h6 30. Be1 a5 31. Bc3 g5 32. e5 f5 33. exd6 Rcxd6 34.
Rxd6 Rxd6 35. Rxd6 Bxd6 36. fxg5 hxg5 37. Bd4 1/2-1/2

[Event "43rd Guernsey International Holiday"]
[Site "?"]
[Date "2017.10.16"]
[Round "2"]
[White "Stuart, Brian"]
[Black "Bateman, Kerry"]
[Result "1-0"]
[WhiteElo "1654"]
[BlackElo "1764"]
[PlyCount "115"]
[EventDate "2017.10.15"]
[EventType "swiss"]
[EventRounds "7"]

1. e4 c5 2. d4 cxd4 3. c3 d5 4. exd5 Qxd5 5. cxd4 Nc6 6. Be3 Nf6 7. Nc3 Qa5 8.
Nf3 Bg4 9. Be2 e6 10. O-O a6 11. a3 Nd5 12. Nxd5 Qxd5 13. Rc1 Bd6 14. h3 h5 15.
Qc2 Ne7 16. Bc4 Qf5 17. Bd3 Qa5 18. Bd2 Qd8 19. Ne5 Bf5 20. Bxf5 Nxf5 21. Nf3
O-O 22. Qe4 Qd7 23. g4 hxg4 24. hxg4 Ne7 25. Kg2 Ng6 26. Rh1 f5 27. gxf5 exf5
28. Qd5+ Rf7 29. Ng5 Nf4+ 30. Bxf4 Bxf4 31. Qxf7+ Qxf7 32. Nxf7 Kxf7 33. Rcd1
Rc8 34. Rd3 Ke6 35. Re1+ Kd5 36. Re7 Rc6 37. Rd7+ Ke4 38. Rc3 Rg6+ 39. Kf1 Bd6
40. Rxb7 f4 41. Rbb3 Rh6 42. Rh3 Rxh3 43. Rxh3 Kxd4 44. Ke2 Ke4 45. Rb3 a5 46.
f3+ Kd4 47. Kd2 Be7 48. Rb7 Bf6 49. b4 axb4 50. Rxb4+ Kc5 51. Kd3 g5 52. Rb1
Kd5 53. a4 Bd8 54. Rb5+ Kc6 55. Kc4 Kd6 56. Rd5+ Ke7 57. Rxd8 Kxd8 58. Kd4 1-0

[Event "43rd Guernsey International Holiday"]
[Site "?"]
[Date "2017.10.16"]
[Round "2"]
[White "Svenneling, Matz"]
[Black "Newell, David F"]
[Result "1/2-1/2"]
[WhiteElo "1448"]
[BlackElo "1821"]
[PlyCount "153"]
[EventDate "2017.10.15"]
[EventType "swiss"]
[EventRounds "7"]

1. e4 c5 2. Nc3 Nc6 3. Bb5 Nd4 4. Bc4 g6 5. f4 Bg7 6. Nf3 e6 7. O-O Ne7 8. e5
d5 9. exd6 Nef5 10. Ne4 Nxd6 11. Nxd6+ Qxd6 12. d3 b5 13. Bb3 O-O 14. c3 Nxb3
15. axb3 a5 16. Be3 Bb7 17. Qc2 Rfd8 18. Rad1 Qc7 19. Qf2 Rac8 20. d4 Bxf3 21.
Qxf3 cxd4 22. Bxd4 Bxd4+ 23. Rxd4 Rxd4 24. cxd4 Qd6 25. Qd3 Qd5 26. Ra1 b4 27.
g3 Rd8 28. Rd1 f6 29. Kf2 e5 30. fxe5 fxe5 31. Qa6 exd4 32. Qb6 d3 33. Rd2 Rf8+
34. Kg1 Qf3 35. Qe6+ Kg7 36. Qd7+ Rf7 37. Qxd3 Qxd3 38. Rxd3 Rc7 39. Rd2 Kf6
40. Re2 Rd7 41. Kg2 Kf5 42. h3 h5 43. Kf3 Rd4 44. Re8 g5 45. Rf8+ Ke6 46. Re8+
Kf5 47. Rf8+ Kg6 48. Rg8+ Kf6 49. Rf8+ Kg7 50. Re8 Rd3+ 51. Re3 Rd2 52. Re2 Rd5
53. Re7+ Kf6 54. Re8 Kf5 55. Rf8+ Ke5 56. Ke3 Ke6 57. Re8+ Kf7 58. Rh8 Kg6 59.
Rg8+ Kh7 60. Re8 Rd1 61. Re5 Rb1 62. Rxg5 Rxb2 63. Rxh5+ Kg6 64. Rxa5 Rxb3+ 65.
Kf4 Rb1 66. Ra6+ Kf7 67. Rb6 b3 68. h4 b2 69. Kg5 Rg1 70. Rxb2 Rxg3+ 71. Kf4
Rg1 72. Rb7+ Kg6 73. h5+ Kh6 74. Rb8 Rf1+ 75. Kg4 Rg1+ 76. Kh4 Rh1+ 77. Kg4
1/2-1/2

[Event "43rd Guernsey International Holiday"]
[Site "?"]
[Date "2017.10.16"]
[Round "2"]
[White "Jones, Sidney A"]
[Black "Salisbury, Paul"]
[Result "0-1"]
[WhiteElo "1500"]
[BlackElo "1650"]
[PlyCount "70"]
[EventDate "2017.10.15"]
[EventType "swiss"]
[EventRounds "7"]

1. d4 d5 2. c4 Nc6 3. Nf3 Bg4 4. e3 e6 5. Be2 Nf6 6. O-O Be7 7. a3 a5 8. Nbd2
Bf5 9. c5 Nd7 10. Nb1 Na7 11. Nc3 c6 12. Bd3 Bg6 13. b4 b6 14. e4 bxc5 15. bxc5
Rb8 16. exd5 cxd5 17. Bf4 Ra8 18. Re1 Bxd3 19. Qxd3 O-O 20. Ne5 Nxe5 21. Rxe5
Bf6 22. Re3 Nc6 23. Rh3 g6 24. Nb5 e5 25. dxe5 Bxe5 26. Bxe5 Nxe5 27. Qd4 Nc6
28. Qd2 f6 29. Re1 Rf7 30. Rhe3 Re7 31. Rxe7 Nxe7 32. Re6 Rb8 33. a4 Rc8 34.
Qe3 Nf5 35. Qc3 Kg7 0-1

[Event "43rd Guernsey International Holiday"]
[Site "?"]
[Date "2017.10.16"]
[Round "2"]
[White "Foran, Barry"]
[Black "Foster, Paul"]
[Result "1/2-1/2"]
[WhiteElo "1636"]
[BlackElo "1485"]
[PlyCount "96"]
[EventDate "2017.10.15"]
[EventType "swiss"]
[EventRounds "7"]

1. d4 Nf6 2. Nf3 b6 3. e3 Bb7 4. Bd3 e6 5. O-O d6 6. c4 Nbd7 7. Nc3 Be7 8. e4
e5 9. d5 c6 10. Bd2 cxd5 11. cxd5 O-O 12. Rc1 a6 13. Ne2 Nc5 14. Bg5 Qd7 15.
Bxf6 Bxf6 16. Bb1 a5 17. Ng3 g6 18. Ne1 Bg5 19. Rc3 Na4 20. Rb3 Rfc8 21. Bd3
Ba6 22. Bxa6 Rxa6 23. Qd3 Nc5 24. Qb5 Qb7 25. Rc3 a4 26. Nd3 Ra5 27. Nxc5 Rxc5
28. Qe8+ Kg7 29. Rxc5 bxc5 30. Qc6 Qxc6 31. dxc6 Ra6 32. c7 Rc6 33. Rd1 Be7 34.
Ne2 Rxc7 35. Nc3 Ra7 36. Kf1 f5 37. f3 Kf7 38. Ke2 Ke6 39. Kd3 Ra5 40. Kc4 Bf8
41. Nb5 Kd7 42. Nc3 Kc6 43. h3 f4 44. Rd2 Bg7 45. Rd3 h5 46. Rd2 Bf8 47. a3 Ra7
48. Rd3 Ra5 1/2-1/2

[Event "43rd Guernsey International Holiday"]
[Site "?"]
[Date "2017.10.16"]
[Round "2"]
[White "Brauer, Claes"]
[Black "Bennett, David"]
[Result "1/2-1/2"]
[WhiteElo "1386"]
[BlackElo "1612"]
[PlyCount "101"]
[EventDate "2017.10.15"]
[EventType "swiss"]
[EventRounds "7"]

1. g3 d5 2. Bg2 Nf6 3. d3 Nc6 4. Nc3 e5 5. f4 Bb4 6. fxe5 Nxe5 7. Bd2 O-O 8. a3
Ba5 9. e4 Bg4 10. Nf3 Bxc3 11. Bxc3 d4 12. Bd2 Re8 13. h3 Nxf3+ 14. Bxf3 Bxf3
15. Qxf3 Rb8 16. O-O h6 17. Rae1 Qd7 18. g4 Nh7 19. Rf2 Qe6 20. Ref1 Re7 21. h4
Qf6 22. Qg3 Qc6 23. g5 Qg6 24. Rg2 h5 25. Bf4 Rc8 26. Be5 c5 27. Bd6 Rd7 28. e5
Nf8 29. Qf3 Ne6 30. Qd5 Rc6 31. Qb3 Ra6 32. Qb5 Rd8 33. Qxb7 Rb6 34. Qe7 Rxb2
35. Bxc5 a6 36. Rgf2 Rf8 37. Qa7 Nxc5 38. Qxc5 Rbb8 39. Qxd4 Rbd8 40. Qc4 Qb6
41. a4 Qe3 42. Qf4 Qc5 43. Qe4 Rd4 44. Qe2 Rxh4 45. e6 Rg4+ 46. Kh1 Qc6+ 47.
Rg2 Rxg2 48. Qxg2 Qxe6 49. Rf6 Qe1+ 50. Kh2 Qh4+ 51. Kg1 1/2-1/2

[Event "43rd Guernsey International Holiday"]
[Site "?"]
[Date "2017.10.16"]
[Round "2"]
[White "Gunn, Michael J"]
[Black "Nalichowski, Bogdan"]
[Result "1-0"]
[WhiteElo "1599"]
[BlackElo "1388"]
[PlyCount "95"]
[EventDate "2017.10.15"]
[EventType "swiss"]
[EventRounds "7"]

1. e4 e5 2. Nf3 Nc6 3. Bc4 Bc5 4. c3 h6 5. d4 exd4 6. cxd4 Bb4+ 7. Nbd2 d6 8.
O-O Bg4 9. a3 Ba5 10. d5 Ne5 11. Qa4+ Ke7 12. Nxe5 dxe5 13. Qxa5 Qd6 14. Qb4 b6
15. Qxd6+ cxd6 16. h3 Bh5 17. g4 Bg6 18. Bb5 f6 19. f4 h5 20. f5 Bf7 21. g5 h4
22. g6 Be8 23. Bxe8 Kxe8 24. Nf3 Ne7 25. Be3 Rc8 26. Rac1 Kd7 27. Rxc8 Nxc8 28.
Rc1 Ne7 29. b4 Nc8 30. Kg2 Ne7 31. Bf2 Ra8 32. Nxh4 Nc8 33. Nf3 b5 34. Nd2 a5
35. Nb3 axb4 36. axb4 Ra4 37. Be1 Nb6 38. Na5 Ra2+ 39. Kg3 Ra3+ 40. Kg2 Ra2+
41. Bf2 Rb2 42. h4 Nc8 43. Nc6 Ne7 44. Nxe7 Kxe7 45. Rc7+ Kf8 46. Rf7+ Kg8 47.
Rb7 Rxb4 48. Rb8# 1-0

[Event "43rd Guernsey International Holiday"]
[Site "?"]
[Date "2017.10.16"]
[Round "2"]
[White "Kerr, Matthew"]
[Black "Huba, Mark J"]
[Result "0-1"]
[WhiteElo "1290"]
[BlackElo "1580"]
[PlyCount "63"]
[EventDate "2017.10.15"]
[EventType "swiss"]
[EventRounds "7"]

1. e4 e6 2. d4 d5 3. e5 c5 4. Nf3 Nc6 5. a3 Qc7 6. Nc3 a6 7. Bd2 cxd4 8. Nb1
Nxe5 9. Nxd4 Nf6 10. Be2 Bd6 11. Nf3 Nxf3+ 12. Bxf3 Bxh2 13. g3 Bxg3 14. fxg3
Qxg3+ 15. Ke2 Qe5+ 16. Be3 Bd7 17. Nc3 Rc8 18. Qd4 Qc7 19. Bf4 Qd8 20. Bg5 Rc4
21. Bxf6 gxf6 22. Qg1 Ke7 23. Kd2 Qc7 24. Qe3 d4 25. Nd5+ Kd8 26. Nxc7 dxe3+
27. Kd3 Kxc7 28. b3 Bc6 29. Bxc6 Rd8+ 30. Kxe3 Rxc6 31. Ra2 Rcd6 32. Rh2 0-1

[Event "43rd Guernsey International Holiday"]
[Site "?"]
[Date "2017.10.16"]
[Round "2"]
[White "Beadle, John R"]
[Black "Newrick, William R"]
[Result "1-0"]
[WhiteElo "1558"]
[BlackElo "1282"]
[PlyCount "35"]
[EventDate "2017.10.15"]
[EventType "swiss"]
[EventRounds "7"]

1. e4 e5 2. Nf3 Nc6 3. Bb5 Nf6 4. d3 Bc5 5. O-O O-O 6. Bg5 h6 7. Bh4 Nd4 8.
Nxd4 Bxd4 9. c3 Bc5 10. Nd2 c6 11. Ba4 d6 12. h3 g5 13. Bg3 h5 14. Bh2 g4 15.
h4 Qb6 16. b4 Bxf2+ 17. Rxf2 Qe3 18. Nc4 1-0

[Event "43rd Guernsey International Holiday"]
[Site "?"]
[Date "2017.10.16"]
[Round "2"]
[White "Brown, Jim"]
[Black "Carlsson, Johan"]
[Result "0-1"]
[WhiteElo "1068"]
[BlackElo "1552"]
[PlyCount "42"]
[EventDate "2017.10.15"]
[EventType "swiss"]
[EventRounds "7"]

1. d4 e6 2. Nf3 d5 3. e3 Nf6 4. Bd3 c5 5. c3 Nc6 6. O-O Bd6 7. g3 O-O 8. a3 b6
9. Nbd2 Bb7 10. h3 Rc8 11. g4 cxd4 12. exd4 h6 13. b3 e5 14. dxe5 Nxe5 15. Nxe5
Bxe5 16. Nf3 Bxc3 17. Rb1 Re8 18. Bd2 d4 19. Re1 Qd5 20. Rc1 Bxd2 21. Nxd2 Qg2#
0-1

[Event "43rd Guernsey International Holiday"]
[Site "?"]
[Date "2017.10.17"]
[Round "3"]
[White "Remie, Peter"]
[Black "Dennis, Nigel W"]
[Result "1/2-1/2"]
[WhiteElo "1689"]
[BlackElo "1785"]
[PlyCount "57"]
[EventDate "2017.10.15"]
[EventType "swiss"]
[EventRounds "7"]

1. d4 Nf6 2. Nf3 g6 3. Bf4 Bg7 4. e3 O-O 5. Nbd2 d6 6. h3 Nbd7 7. Be2 c5 8. c3
b6 9. O-O Bb7 10. a4 a6 11. Re1 Re8 12. Bc4 Bd5 13. e4 Bxc4 14. Nxc4 b5 15.
axb5 axb5 16. Na3 b4 17. cxb4 cxb4 18. Nc2 Qb6 19. Rxa8 Rxa8 20. Qd2 b3 21. Na3
Nxe4 22. Rxe4 Rxa3 23. Rxe7 Ra1+ 24. Kh2 Nf6 25. Bh6 Ra7 26. Rxa7 Qxa7 27. Bxg7
Kxg7 28. Qc3 Qb6 29. Nd2 1/2-1/2

[Event "43rd Guernsey International Holiday"]
[Site "?"]
[Date "2017.10.17"]
[Round "3"]
[White "Finch, Russell"]
[Black "Baart, Edwin"]
[Result "1/2-1/2"]
[WhiteElo "1689"]
[BlackElo "1816"]
[PlyCount "34"]
[EventDate "2017.10.15"]
[EventType "swiss"]
[EventRounds "7"]

1. d4 Nf6 2. Nf3 d5 3. Bf4 c5 4. e3 Bg4 5. Be2 e6 6. Nbd2 Nbd7 7. c3 Qb6 8. Qb3
Be7 9. Qxb6 Nxb6 10. h3 Bxf3 11. Nxf3 O-O 12. O-O Rac8 13. Rfc1 Ne4 14. Bd3 g5
15. Bh2 Nd7 16. Bb1 Nb6 17. Bd3 Nd7 1/2-1/2

[Event "43rd Guernsey International Holiday"]
[Site "?"]
[Date "2017.10.17"]
[Round "3"]
[White "Heesen, Jos"]
[Black "Nielsen, Jorgen Holmstrom"]
[Result "1-0"]
[WhiteElo "1766"]
[BlackElo "1688"]
[PlyCount "55"]
[EventDate "2017.10.15"]
[EventType "swiss"]
[EventRounds "7"]

1. Nc3 d5 2. e4 d4 3. Nce2 e5 4. Ng3 Be6 5. Nf3 Bd6 6. Bb5+ Nd7 7. O-O a6 8.
Ba4 c5 9. Bxd7+ Bxd7 10. d3 Nf6 11. Bg5 h6 12. Bd2 O-O 13. Nh4 Nxe4 14. Nxe4
Be7 15. Nf3 f5 16. Ng3 Bd6 17. Re1 Qc7 18. c3 Rae8 19. cxd4 cxd4 20. Rc1 Qd8
21. Qb3+ Rf7 22. Bb4 Be6 23. Qa3 Bb8 24. Nxe5 Bxe5 25. Rxe5 Qg5 26. Rce1 Qg6
27. Qa4 Rd7 28. Rxe6 1-0

[Event "43rd Guernsey International Holiday"]
[Site "?"]
[Date "2017.10.17"]
[Round "3"]
[White "Nevska, Gerda"]
[Black "Stanners, Michael J"]
[Result "1-0"]
[WhiteElo "1677"]
[BlackElo "1761"]
[PlyCount "45"]
[EventDate "2017.10.15"]
[EventType "swiss"]
[EventRounds "7"]

1. c4 d6 2. Nc3 e5 3. d3 c5 4. e4 Nc6 5. Nge2 Nge7 6. g3 g6 7. Bg2 Bg7 8. O-O
h5 9. h3 Be6 10. Nd5 h4 11. Bg5 hxg3 12. fxg3 Bxh3 13. Bxh3 Rxh3 14. Bf6 Bxf6
15. Nxf6+ Kf8 16. Kg2 Rh8 17. Nc3 Kg7 18. Qf3 Nd4 19. Qf2 a6 20. Rh1 Rxh1 21.
Rxh1 Nef5 22. Ncd5 Nh6 23. Qd2 1-0

[Event "43rd Guernsey International Holiday"]
[Site "?"]
[Date "2017.10.17"]
[Round "3"]
[White "O'Connell, Denis"]
[Black "Jongerius, Marc"]
[Result "1/2-1/2"]
[WhiteElo "1722"]
[BlackElo "1588"]
[PlyCount "129"]
[EventDate "2017.10.15"]
[EventType "swiss"]
[EventRounds "7"]

1. e4 e5 2. d4 exd4 3. c3 d5 4. Qxd4 dxe4 5. Qxe4+ Be7 6. Bg5 Nd7 7. Bxe7 Qxe7
8. Nd2 Ndf6 9. Qxe7+ Nxe7 10. Ngf3 Bf5 11. Bc4 O-O 12. O-O Rad8 13. Rfe1 Nc6
14. Bb5 Nb8 15. Re7 Nd5 16. Re5 Bg6 17. Rae1 f6 18. Rxd5 Rxd5 19. Bc4 Bf7 20.
Bxd5 Bxd5 21. c4 Bxf3 22. Nxf3 Nc6 23. Kf1 Kf7 24. Rd1 Rd8 25. Rxd8 Nxd8 26.
Nd4 c6 27. Ke2 Ne6 28. Nf3 c5 29. Ke3 Ke7 30. Ke4 Kd6 31. g4 g6 32. h4 b6 33.
Nd2 Nd4 34. f4 f5+ 35. gxf5 Nxf5 36. Nf3 h6 37. b3 Ke6 38. a3 a5 39. a4 Ng3+
40. Ke3 Kf5 41. Ne5 Nh5 42. Nd3 Kg4 43. Ne5+ Kf5 44. Nf7 Kg4 45. Nxh6+ Kxh4 46.
Ke4 Ng3+ 47. Ke5 Ne2 48. Nf7 Kg4 49. f5 gxf5 50. Nh6+ Kf3 51. Nxf5 Nc1 52. Kd5
Nxb3 53. Nd6 Ke3 54. Nc8 Kd3 55. Nxb6 Kc3 56. Kc6 Kb4 57. Kd5 Nd2 58. Nd7 Nxc4
59. Nxc5 Nb6+ 60. Kd4 Nxa4 61. Nxa4 Kxa4 62. Kc4 Ka3 63. Kc3 a4 64. Kc2 Ka2 65.
Kc1 1/2-1/2

[Event "43rd Guernsey International Holiday"]
[Site "?"]
[Date "2017.10.17"]
[Round "3"]
[White "Ruigrok, Jacques"]
[Black "Kershaw, Graham J"]
[Result "1/2-1/2"]
[WhiteElo "1679"]
[BlackElo "1712"]
[PlyCount "36"]
[EventDate "2017.10.15"]
[EventType "swiss"]
[EventRounds "7"]

1. e4 e6 2. d4 d5 3. e5 c5 4. c3 Nc6 5. Nf3 Qb6 6. Bd3 cxd4 7. cxd4 Bd7 8. Nc3
Nxd4 9. Nxd4 Qxd4 10. Qe2 Qb6 11. O-O Ne7 12. Kh1 d4 13. Ne4 Nd5 14. a3 Be7 15.
Ng5 Qd8 16. Ne4 a5 17. Qg4 Kf8 18. Ng5 h6 1/2-1/2

[Event "43rd Guernsey International Holiday"]
[Site "?"]
[Date "2017.10.17"]
[Round "3"]
[White "Gunn, Michael J"]
[Black "Hoogakker, Peter"]
[Result "0-1"]
[WhiteElo "1599"]
[BlackElo "1769"]
[PlyCount "88"]
[EventDate "2017.10.15"]
[EventType "swiss"]
[EventRounds "7"]

1. e4 d6 2. d4 Nf6 3. Bd3 Nbd7 4. Nf3 e5 5. c3 Be7 6. O-O h6 7. h3 c6 8. Be3
Qc7 9. Nbd2 Nf8 10. Nc4 Ng6 11. dxe5 dxe5 12. Qc2 O-O 13. a4 Be6 14. Rfd1 Rfd8
15. Bf1 b5 16. Rxd8+ Bxd8 17. Ncd2 Qb7 18. a5 a6 19. b4 Be7 20. Nb3 Nd7 21.
Nfd2 Rc8 22. Nc5 Nxc5 23. bxc5 Qa7 24. Nb3 Bxb3 25. Qxb3 Bxc5 26. Bxc5 Qxc5 27.
c4 Rd8 28. Qc2 Qd4 29. Rc1 Nf4 30. cxb5 cxb5 31. Qc6 Qd6 32. Bxb5 Qxc6 33. Rxc6
axb5 34. Rb6 Ne2+ 35. Kf1 Nd4 36. a6 Ra8 37. Ke1 b4 38. Kd2 Nb3+ 39. Kc2 Nc5
40. Rxb4 Rxa6 41. Rb8+ Kh7 42. Re8 f6 43. f3 Ra2+ 44. Kc3 Rxg2 0-1

[Event "43rd Guernsey International Holiday"]
[Site "?"]
[Date "2017.10.17"]
[Round "3"]
[White "Huba, Mark J"]
[Black "Glover, John"]
[Result "0-1"]
[WhiteElo "1580"]
[BlackElo "1765"]
[PlyCount "57"]
[EventDate "2017.10.15"]
[EventType "swiss"]
[EventRounds "7"]

1. Nf3 Nf6 2. c4 c5 3. Nc3 g6 4. g3 Bg7 5. Bg2 O-O 6. O-O d5 7. cxd5 Nxd5 8. a3
Nc6 9. e4 Nc7 10. Re1 e5 11. d3 Ne6 12. Rb1 b6 13. b4 cxb4 14. axb4 Bb7 15. Nd5
Ne7 16. Nxe7+ Qxe7 17. Bb2 Ng5 18. Nh4 Rfd8 19. f4 exf4 20. Bxg7 Kxg7 21. gxf4
Nh3+ 22. Bxh3 Qxh4 23. Qf3 Rd4 24. f5 Rad8 25. Re3 f6 26. fxg6 hxg6 27. Rc1
Qg5+ 28. Kh1 Qe5 29. Rc7+ 0-1

[Event "43rd Guernsey International Holiday"]
[Site "?"]
[Date "2017.10.17"]
[Round "3"]
[White "Carlsson, Johan"]
[Black "Kirk, Matthew"]
[Result "0-1"]
[WhiteElo "1721"]
[BlackElo "1290"]
[PlyCount "106"]
[EventDate "2017.10.15"]
[EventType "swiss"]
[EventRounds "7"]

1. d4 d5 2. c4 c6 3. Nc3 Nf6 4. Nf3 e6 5. e3 Nbd7 6. a3 a5 7. Bd3 dxc4 8. Bxc4
b5 9. Bd3 Bb7 10. O-O Be7 11. Re1 O-O 12. e4 b4 13. Na2 c5 14. Qc2 h6 15. h3
cxd4 16. Nxd4 Ne5 17. Be3 Nxd3 18. Qxd3 Bxe4 19. Qb5 bxa3 20. bxa3 Qd5 21. Nc3
Qxb5 22. Ncxb5 Rfc8 23. Rac1 a4 24. Bf4 Bd3 25. Nc7 Bxa3 26. Rc6 Ra5 27. Ncxe6
Rxc6 28. Nxc6 Ra6 29. Ned4 Bb2 30. Rd1 Bxd4 31. Nxd4 Bc4 32. Ra1 a3 33. Nc2 a2
34. Nb4 Ra4 35. Bd2 Ne4 36. Be1 Nc5 37. Nxa2 Nb3 38. Rd1 Rxa2 39. Rd8+ Kh7 40.
Bc3 Rc2 41. Be5 Re2 42. Bf4 Be6 43. Be3 Re1+ 44. Kh2 Re2 45. Kg3 Rc2 46. h4 Nc5
47. Kh2 Nd7 48. g3 Rb2 49. Ra8 Nf6 50. Bd4 Rd2 51. Bb6 Ng4+ 52. Kg1 Rd1+ 53.
Kg2 Bd5+ 0-1

[Event "43rd Guernsey International Holiday"]
[Site "?"]
[Date "2017.10.17"]
[Round "3"]
[White "Collins, Alan"]
[Black "Beadle, John R"]
[Result "1/2-1/2"]
[WhiteElo "1700"]
[BlackElo "1558"]
[PlyCount "41"]
[EventDate "2017.10.15"]
[EventType "swiss"]
[EventRounds "7"]

1. c4 f5 2. Nc3 Nf6 3. Nf3 e6 4. g3 b6 5. Bg2 Bb7 6. d4 Be7 7. O-O O-O 8. a3 a5
9. Re1 h6 10. Nh4 Bxg2 11. Nxg2 c6 12. d5 Bc5 13. Be3 Na6 14. dxe6 dxe6 15.
Bxc5 Nxc5 16. Qc2 Qc7 17. Rad1 Rad8 18. Nf4 g5 19. Ng2 Rxd1 20. Rxd1 Rd8 21. b4
1/2-1/2

[Event "43rd Guernsey International Holiday"]
[Site "?"]
[Date "2017.10.17"]
[Round "3"]
[White "Harnden, Terry"]
[Black "Colsen, Manuel"]
[Result "0-1"]
[WhiteElo "1369"]
[BlackElo "1665"]
[PlyCount "102"]
[EventDate "2017.10.15"]
[EventType "swiss"]
[EventRounds "7"]

1. e4 c6 2. d4 d5 3. Nc3 dxe4 4. Nxe4 Bf5 5. Ng3 Bg6 6. Nf3 Nd7 7. Bc4 e6 8.
O-O h6 9. c3 Bd6 10. Re1 Bxg3 11. fxg3 Ne7 12. Nh4 O-O 13. Bd3 Bxd3 14. Qxd3 c5
15. dxc5 Nxc5 16. Qxd8 Raxd8 17. b3 Nd3 18. Rd1 Nc6 19. Nf3 e5 20. Ba3 Rfe8 21.
Kf1 e4 22. Ne1 Nce5 23. Nxd3 Nxd3 24. Ke2 f5 25. Bc1 h5 26. Be3 a6 27. Bf4 Nb2
28. Rxd8 Rxd8 29. Rb1 Nd3 30. h4 b5 31. Rd1 Rc8 32. Be3 Rxc3 33. Rd2 Rc1 34.
Rd1 Rc6 35. Kf1 Rg6 36. Bg5 Rc6 37. Be3 g6 38. Ke2 Kf7 39. Bg5 Ke6 40. Be3 Kd5
41. Kd2 Ke5 42. Rf1 Nb4 43. a3 Nd3 44. b4 Kd5 45. Rb1 Ne5 46. Ke1 Rc3 47. Rd1+
Nd3+ 48. Ke2 Rxa3 49. Bc1 Ra2+ 50. Rd2 Ra1 51. Kd1 Rxc1+ 0-1

[Event "43rd Guernsey International Holiday"]
[Site "?"]
[Date "2017.10.17"]
[Round "3"]
[White "Salisbury, Paul"]
[Black "Svenneling, Matz"]
[Result "0-1"]
[WhiteElo "1650"]
[BlackElo "1448"]
[PlyCount "104"]
[EventDate "2017.10.15"]
[EventType "swiss"]
[EventRounds "7"]

1. e4 d5 2. Nc3 d4 3. Nce2 e5 4. Ng3 g6 5. Bc4 Qe7 6. a3 c5 7. Bb5+ Bd7 8.
Bxd7+ Nxd7 9. d3 Bg7 10. N1e2 Nh6 11. f4 f5 12. exf5 gxf5 13. Nh5 Qh4+ 14. Neg3
Bf8 15. Qe2 O-O-O 16. fxe5 Ng4 17. Bf4 Bd6 18. O-O-O Bxe5 19. Bxe5 Ndxe5 20.
Nf4 Ne3 21. Ne6 Rde8 22. Ng7 Re7 23. N3h5 Qg5 24. h4 Qh6 25. Kb1 Rxg7 26. Nxg7
Qxg7 27. Rd2 Rg8 28. Qh5 Qg6 29. Qg5 Qe6 30. Qh5 Qg6 31. Qg5 Qxg5 32. hxg5 Rxg5
33. Rxh7 Rxg2 34. Rxg2 Nxg2 35. Re7 Ng4 36. Kc1 N2e3 37. Kd2 a6 38. b4 cxb4 39.
axb4 Nd5 40. Rf7 Nge3 41. Rh7 f4 42. Rf7 Nxb4 43. c3 dxc3+ 44. Kxc3 Nbd5+ 45.
Kb3 Kb8 46. Ka4 Ka7 47. Ka5 Nc2 48. Rf5 b6+ 49. Ka4 Nce3 50. Rf7+ Kb8 51. d4
Nc2 52. Rf5 Nc3+ 0-1

[Event "43rd Guernsey International Holiday"]
[Site "?"]
[Date "2017.10.17"]
[Round "3"]
[White "Newell, David F"]
[Black "Bennett, David"]
[Result "1-0"]
[WhiteElo "1821"]
[BlackElo "1612"]
[PlyCount "75"]
[EventDate "2017.10.15"]
[EventType "swiss"]
[EventRounds "7"]

1. f4 Nf6 2. Nf3 d5 3. g3 Bf5 4. Bg2 c6 5. d3 Nbd7 6. O-O e6 7. e3 Be7 8. Nc3
O-O 9. Bd2 Rc8 10. h3 h6 11. Kh1 b5 12. Qe1 b4 13. Ne2 a5 14. g4 Bh7 15. Ng3
Qc7 16. e4 dxe4 17. dxe4 e5 18. f5 Ne8 19. h4 f6 20. Rf2 Bc5 21. Re2 Nd6 22. g5
fxg5 23. hxg5 Kh8 24. gxh6 gxh6 25. Bxh6 Rf6 26. Bg5 Rf7 27. Bf1 Nf6 28. Nxe5
Rff8 29. Rh2 Kg8 30. Nc4 Nb5 31. Bxf6 Rxf6 32. Nh5 Rff8 33. Qh4 Qd8 34. Qg3+
Kf7 35. Qg7+ Ke8 36. Qxh7 Qd4 37. Ng7+ Kd8 38. Ne6+ 1-0

[Event "43rd Guernsey International Holiday"]
[Site "?"]
[Date "2017.10.17"]
[Round "3"]
[White "Haisma, Henk"]
[Black "Almquist, Rutger"]
[Result "1-0"]
[WhiteElo "1808"]
[BlackElo "1589"]
[PlyCount "84"]
[EventDate "2017.10.15"]
[EventType "swiss"]
[EventRounds "7"]

1. b4 e5 2. Bb2 Bxb4 3. Bxe5 Nf6 4. e3 Nc6 5. Bb2 O-O 6. Nf3 b6 7. a3 Be7 8. d3
d5 9. Nbd2 Re8 10. Be2 Bd6 11. O-O Bb7 12. d4 h6 13. c4 Ba6 14. Qa4 Na5 15.
Rfc1 dxc4 16. Nxc4 Bxc4 17. Bxc4 Nxc4 18. Rxc4 a6 19. Rc6 Nd7 20. Qb3 Qe7 21.
Rac1 Rac8 22. Qd3 Nb8 23. R6c2 Red8 24. e4 Bf4 25. Re1 f6 26. Nh4 Qd7 27. g3
Be5 28. Qb3+ Qf7 29. Qxf7+ Kxf7 30. dxe5 fxe5 31. Bxe5 c5 32. Nf5 Rc6 33. Bxg7
h5 34. Bc3 Rd3 35. Kf1 Rg6 36. Ke2 c4 37. Rd1 Rxd1 38. Kxd1 b5 39. Rd2 Nc6 40.
Rd7+ Ke8 41. Rd6 Rxd6+ 42. Nxd6+ Ke7 1-0

[Event "43rd Guernsey International Holiday"]
[Site "?"]
[Date "2017.10.17"]
[Round "3"]
[White "Bateman, Kerry"]
[Black "Brauer, Claes"]
[Result "1-0"]
[WhiteElo "1764"]
[BlackElo "1386"]
[PlyCount "45"]
[EventDate "2017.10.15"]
[EventType "swiss"]
[EventRounds "7"]

1. e4 d5 2. exd5 Qxd5 3. Nc3 Qa5 4. Nf3 Bg4 5. Bc4 c6 6. O-O Nd7 7. d4 e6 8.
Bd2 Qc7 9. h3 Bh5 10. Ne4 Be7 11. c3 Ngf6 12. Ng3 Bg6 13. Qe2 Bd6 14. Ng5 Bxg3
15. fxg3 O-O-O 16. Bf4 e5 17. dxe5 Rde8 18. e6 Qb6+ 19. Kh1 fxe6 20. Bxe6 h6
21. Qe5 Kd8 22. Rad1 Re7 23. Qb8# 1-0